A-Z of housing (Record no. 115707)

MARC details
000 -LEADER
fixed length control field 00627cam a22002295a 4500
001 - CONTROL NUMBER
control field L159152
008 - FIXED-LENGTH DATA ELEMENTS--GENERAL INFORMATION
fixed length control field 160211s2015 xxk f 000 0 eng d
020 ## - INTERNATIONAL STANDARD BOOK NUMBER
International Standard Book Number 9781137466733
035 ## - SYSTEM CONTROL NUMBER
System control number (Sirsi) u159152
041 0# - LANGUAGE CODE
Language code of text/sound track or separate title eng
050 04 - LIBRARY OF CONGRESS CALL NUMBER
Classification number 306.2
100 1# - MAIN ENTRY--PERSONAL NAME
Personal name Garnett, David
245 00 - TITLE STATEMENT
Title A-Z of housing
260 ## - PUBLICATION, DISTRIBUTION, ETC.
Place of publication, distribution, etc. London
Name of publisher, distributor, etc. Palgrave
Date of publication, distribution, etc. 2015
300 ## - PHYSICAL DESCRIPTION
Extent xv, 232.
Dimensions 20cm
520 ## - SUMMARY, ETC.
Summary, etc. A-Z of of glossary terms used in housing. Describes each term in some depth with key follow up references.
590 ## - LOCAL NOTE (RLIN)
Local note KA
650 24 - SUBJECT ADDED ENTRY--TOPICAL TERM
Topical term or geographic name entry element HOUSING
651 #4 - SUBJECT ADDED ENTRY--GEOGRAPHIC NAME
Geographic name United Kingdom
Chronological subdivision
690 ## - LOCAL SUBJECT ADDED ENTRY--TOPICAL TERM (OCLC, RLIN)
Topical term or geographic name as entry element Residential property
9 (RLIN) 6266
942 ## - ADDED ENTRY ELEMENTS (KOHA)
Suppress in OPAC 0
Holdings
Withdrawn status Lost status Source of classification or shelving scheme Damaged status Not for loan Home library Current library Shelving location Date acquired Total Checkouts Full call number Barcode Date last seen Copy number Price effective from Koha item type
    Dewey Decimal Classification     London London Books 11/02/2016   306.026 GAR 30075275 06/08/2019 1 06/08/2019 Book